[Event "45th FIDE Chess Olympiad Open"]
[Site "Budapest, Hungary"]
[Date "2024.09.21"]
[Round "10"]
[White "Cupid, Kevin"]
[Black "Naser Eldean,Ahmed"]
[Result "1-0"]
[Board "215"]
[WhiteFideId "7700512"]
[BlackFideId "9205365"]
[WhiteTitle "FM"]
[WhiteElo "2201"]
[BlackElo "1981"]
[WhiteTeam "Trinidad & Tobago"]
[BlackTeam "Libya"]
[WhiteClock "0:03:17"]
[BlackClock "0:08:55"]
[Variant "Standard"]

1. d4 {[%clk 1:30:57]}  Nf6 {[%clk 1:30:52]} 2. Nf3 {[%clk 1:31:26]}  g6 {[%clk 1:31:15]} 3. Nbd2 {[%clk 1:31:55]}  Bg7 {[%clk 1:31:09]} 4. e4 {[%clk 1:32:24]}  d6 {[%clk 1:31:23]} 5. Bb5+ {[%clk 1:32:45]}  c6 {[%clk 1:31:27]} 6. Bd3 {[%clk 1:32:56]}  Nbd7 {[%clk 1:30:22]} 7. O-O {[%clk 1:33:19]}  e5 {[%clk 1:30:33]} 8. c3 {[%clk 1:33:17]}  O-O {[%clk 1:30:45]} 9. Re1 {[%clk 1:33:33]}  Re8 {[%clk 1:30:22]} 10. a4 {[%clk 1:31:08]}  Qc7 {[%clk 1:26:17]} 11. b3 {[%clk 1:25:46]}  d5 {[%clk 1:15:57]} 12. Nxe5 {[%clk 1:19:41]}  Nxe5 {[%clk 1:11:16]} 13. dxe5 {[%clk 1:20:07]}  Nxe4 {[%clk 1:10:41]} 14. Bxe4 {[%clk 1:18:48]}  dxe4 {[%clk 1:10:56]} 15. Nxe4 {[%clk 1:19:06]}  Rd8 {[%clk 1:06:30]} 16. Qf3 {[%clk 1:17:00]}  Bxe5 {[%clk 1:06:15]} 17. Bg5 {[%clk 1:16:59]}  Rf8 {[%clk 1:01:57]} 18. Bh6 {[%clk 1:09:34]}  Bg7 {[%clk 0:57:54]} 19. Nf6+ {[%clk 1:09:50]}  Kh8 {[%clk 0:56:11]} 20. Bxg7+ {[%clk 1:10:18]}  Kxg7 {[%clk 0:56:32]} 21. Ne8+ {[%clk 1:10:43]}  Rxe8 {[%clk 0:56:54]} 22. Rxe8 {[%clk 1:11:12]}  Bg4 {[%clk 0:57:00]} 23. Qe3 {[%clk 1:11:41]}  Rxe8 {[%clk 0:56:35]} 24. Qxe8 {[%clk 1:12:08]}  Be6 {[%clk 0:56:49]} 25. h3 {[%clk 0:19:19]}  Qe5 {[%clk 0:49:49]} 26. Rc1 {[%clk 0:18:26]}  Qg5 {[%clk 0:48:35]} 27. Re1 {[%clk 0:18:33]}  Qd2 {[%clk 0:47:55]} 28. Re3 {[%clk 0:15:30]}  Qd1+ {[%clk 0:43:26]} 29. Kh2 {[%clk 0:15:58]}  Qxb3 {[%clk 0:43:39]} 30. Qe7 {[%clk 0:12:28]}  a5 {[%clk 0:40:10]} 31. Qh4 {[%clk 0:11:51]}  Qd1 {[%clk 0:35:58]} 32. Qf4 {[%clk 0:11:46]}  Qd5 {[%clk 0:26:02]} 33. Qc7 {[%clk 0:11:07]}  Qf5 {[%clk 0:20:31]} 34. Rf3 {[%clk 0:10:23]}  Qg5 {[%clk 0:19:49]} 35. Rg3 {[%clk 0:09:29]}  Qf5 {[%clk 0:18:35]} 36. Rf3 {[%clk 0:08:48]}  Qg5 {[%clk 0:18:55]} 37. Rg3 {[%clk 0:07:57]}  Qf5 {[%clk 0:18:29]} 38. Qxb7 {[%clk 0:03:21]}  Qe4 {[%clk 0:10:05]} 39. Qb2 {[%clk 0:03:10]}  Qxa4 {[%clk 0:10:15]} 40. c4+ {[%clk 0:03:20]}  Kg8 {[%clk 0:10:30]} 41. Rd3 {[%clk 0:03:17]}  Kf8 {[%clk 0:08:55]} 1-0

[Event "45th FIDE Chess Olympiad Open"]
[Site "Budapest, Hungary"]
[Date "2024.09.21"]
[Round "10"]
[White "Abugenda, Nagi"]
[Black "Harper, Ryan"]
[Result "1/2-1/2"]
[Board "216"]
[WhiteFideId "9202544"]
[BlackFideId "7700156"]
[BlackTitle "FM"]
[WhiteElo "1975"]
[BlackElo "2124"]
[WhiteTeam "Libya"]
[BlackTeam "Trinidad & Tobago"]
[WhiteClock "0:18:44"]
[BlackClock "0:23:45"]
[Variant "Standard"]

1. e4 {[%clk 1:30:50]}  e5 {[%clk 1:30:55]} 2. Bc4 {[%clk 1:30:12]}  Nc6 {[%clk 1:31:06]} 3. Nc3 {[%clk 1:29:56]}  Nf6 {[%clk 1:31:30]} 4. d3 {[%clk 1:30:09]}  Na5 {[%clk 1:31:38]} 5. Bg5 {[%clk 1:29:59]}  c6 {[%clk 1:31:46]} 6. a3 {[%clk 1:27:47]}  Nxc4 {[%clk 1:31:45]} 7. dxc4 {[%clk 1:27:46]}  h6 {[%clk 1:21:35]} 8. Bh4 {[%clk 1:27:44]}  d6 {[%clk 1:19:16]} 9. Qd3 {[%clk 1:26:35]}  Be6 {[%clk 1:17:18]} 10. Nge2 {[%clk 1:20:18]}  g5 {[%clk 1:07:21]} 11. Bg3 {[%clk 1:20:23]}  Nh5 {[%clk 1:07:28]} 12. O-O-O {[%clk 1:18:20]}  Qb6 {[%clk 1:07:40]} 13. h4 {[%clk 1:15:13]}  Nf4 {[%clk 1:01:08]} 14. Qd2 {[%clk 1:12:58]}  Rg8 {[%clk 0:56:53]} 15. hxg5 {[%clk 0:56:22]}  hxg5 {[%clk 0:55:10]} 16. f3 {[%clk 0:55:09]}  O-O-O {[%clk 0:55:18]} 17. Nxf4 {[%clk 0:51:35]}  exf4 {[%clk 0:38:38]} 18. Bf2 {[%clk 0:51:38]}  Qa5 {[%clk 0:38:52]} 19. Rh5 {[%clk 0:40:38]}  Bxc4 {[%clk 0:37:42]} 20. Qd4 {[%clk 0:38:48]}  Be6 {[%clk 0:32:37]} 21. Qxa7 {[%clk 0:36:01]}  Qxa7 {[%clk 0:33:01]} 22. Bxa7 {[%clk 0:36:24]}  Kc7 {[%clk 0:30:59]} 23. Bd4 {[%clk 0:35:54]}  Be7 {[%clk 0:31:24]} 24. Rg1 {[%clk 0:29:15]}  g4 {[%clk 0:15:30]} 25. Ne2 {[%clk 0:25:27]}  gxf3 {[%clk 0:15:55]} 26. gxf3 {[%clk 0:25:32]}  c5 {[%clk 0:11:31]} 27. Bf2 {[%clk 0:25:03]}  Rxg1+ {[%clk 0:11:50]} 28. Bxg1 {[%clk 0:23:53]}  Rg8 {[%clk 0:11:55]} 29. Bh2 {[%clk 0:19:22]}  Rg2 {[%clk 0:03:25]} 30. Nxf4 {[%clk 0:15:13]}  Bg5 {[%clk 0:03:19]} 31. Kd1 {[%clk 0:14:34]}  Bxf4 {[%clk 0:03:46]} 32. Bxf4 {[%clk 0:14:49]}  Kc6 {[%clk 0:03:51]} 33. Rh2 {[%clk 0:12:59]}  Rg1+ {[%clk 0:03:03]} 34. Kd2 {[%clk 0:11:48]}  d5 {[%clk 0:02:54]} 35. b3 {[%clk 0:09:38]}  dxe4 {[%clk 0:02:43]} 36. fxe4 {[%clk 0:09:56]}  Rg4 {[%clk 0:02:05]} 37. Rf2 {[%clk 0:09:57]}  Rg1 {[%clk 0:02:18]} 38. a4 {[%clk 0:09:00]}  b5 {[%clk 0:01:33]} 39. axb5+ {[%clk 0:08:57]}  Kxb5 {[%clk 0:01:59]} 40. Rh2 {[%clk 0:07:05]}  Rg4 {[%clk 0:01:24]} 41. Rf2 {[%clk 0:07:06]}  c4 {[%clk 0:01:26]} 42. Kc3 {[%clk 0:06:27]}  cxb3 {[%clk 0:01:49]} 43. cxb3 {[%clk 0:06:48]}  Rg1 {[%clk 0:00:58]} 44. Rh2 {[%clk 0:05:11]}  Rg4 {[%clk 0:01:16]} 45. Rf2 {[%clk 0:05:24]}  Rg1 {[%clk 0:00:43]} 46. Bd6 {[%clk 0:01:08]}  Re1 {[%clk 0:27:42]} 47. e5 {[%clk 0:22:48]}  Re3+ {[%clk 0:27:58]} 48. Kd4 {[%clk 0:22:36]}  Rxb3 {[%clk 0:28:20]} 49. Rh2 {[%clk 0:20:23]}  Rb1 {[%clk 0:26:10]} 50. Rd2 {[%clk 0:20:04]}  Kc6 {[%clk 0:24:40]} 51. Rc2+ {[%clk 0:19:55]}  Kd7 {[%clk 0:23:47]} 52. Rc7+ {[%clk 0:20:02]}  Kd8 {[%clk 0:24:15]} 53. Ra7 {[%clk 0:20:02]}  Rb5 {[%clk 0:22:53]} 54. Ke4 {[%clk 0:19:53]}  Rd5 {[%clk 0:22:25]} 55. Ra6 {[%clk 0:17:36]}  Rd1 {[%clk 0:22:45]} 56. Ra8+ {[%clk 0:17:51]}  Kd7 {[%clk 0:23:06]} 57. Ra7+ {[%clk 0:18:19]}  Kc8 {[%clk 0:22:48]} 58. Kf4 {[%clk 0:18:21]}  Rf1+ {[%clk 0:22:57]} 59. Ke4 {[%clk 0:18:23]}  Re1+ {[%clk 0:23:20]} 60. Kf4 {[%clk 0:18:44]}  Rf1+ {[%clk 0:23:45]} 1/2-1/2

[Event "45th FIDE Chess Olympiad Open"]
[Site "Budapest, Hungary"]
[Date "2024.09.21"]
[Round "10"]
[White "El Jawich, Amro"]
[Black "Mfune, Petros"]
[Result "1-0"]
[Board "217"]
[WhiteFideId "5300380"]
[BlackFideId "20500033"]
[WhiteTitle "FM"]
[BlackTitle "CM"]
[WhiteElo "2296"]
[BlackElo "1986"]
[WhiteTeam "Lebanon"]
[BlackTeam "Malawi"]
[WhiteClock "0:07:41"]
[BlackClock "0:34:21"]
[Variant "Standard"]

1. e4 {[%clk 1:30:57]}  d5 {[%clk 1:29:18]} 2. exd5 {[%clk 1:31:00]}  Nf6 {[%clk 1:29:40]} 3. d4 {[%clk 1:30:58]}  Nxd5 {[%clk 1:30:03]} 4. Nf3 {[%clk 1:31:06]}  Bg4 {[%clk 1:30:17]} 5. c4 {[%clk 1:31:22]}  Nb6 {[%clk 1:30:26]} 6. c5 {[%clk 1:31:09]}  Bxf3 {[%clk 1:30:14]} 7. Qxf3 {[%clk 1:30:39]}  Nd5 {[%clk 1:30:37]} 8. Bc4 {[%clk 1:30:13]}  c6 {[%clk 1:29:38]} 9. Nc3 {[%clk 1:30:07]}  e6 {[%clk 1:29:28]} 10. O-O {[%clk 1:28:49]}  Be7 {[%clk 1:29:54]} 11. Rd1 {[%clk 1:24:14]}  Nxc3 {[%clk 1:28:06]} 12. bxc3 {[%clk 1:23:31]}  O-O {[%clk 1:27:00]} 13. Rb1 {[%clk 1:21:18]}  Qc8 {[%clk 1:25:50]} 14. h4 {[%clk 1:13:25]}  Bxh4 {[%clk 1:22:09]} 15. Rd3 {[%clk 1:08:13]}  Bf6 {[%clk 1:15:44]} 16. Bf4 {[%clk 0:56:08]}  Nd7 {[%clk 1:15:25]} 17. Bd6 {[%clk 0:52:31]}  Re8 {[%clk 1:12:58]} 18. Qf4 {[%clk 0:41:58]}  b5 {[%clk 1:10:25]} 19. Bb3 {[%clk 0:39:46]}  Nf8 {[%clk 1:05:28]} 20. Rh3 {[%clk 0:37:00]}  Ng6 {[%clk 1:04:57]} 21. Qg4 {[%clk 0:36:38]}  Be7 {[%clk 1:02:52]} 22. Qh5 {[%clk 0:35:20]}  Nf8 {[%clk 0:56:16]} 23. Be5 {[%clk 0:32:43]}  Qd8 {[%clk 0:52:01]} 24. Bc2 {[%clk 0:28:05]}  g6 {[%clk 0:42:23]} 25. Qf3 {[%clk 0:28:15]}  Rc8 {[%clk 0:35:31]} 26. a4 {[%clk 0:25:28]}  a6 {[%clk 0:33:37]} 27. axb5 {[%clk 0:25:00]}  axb5 {[%clk 0:33:39]} 28. Ra1 {[%clk 0:20:48]}  Ra8 {[%clk 0:33:43]} 29. Rxa8 {[%clk 0:21:07]}  Qxa8 {[%clk 0:34:00]} 30. Be4 {[%clk 0:21:00]}  Rc8 {[%clk 0:31:52]} 31. Qf4 {[%clk 0:20:16]}  Qa1+ {[%clk 0:29:43]} 32. Kh2 {[%clk 0:20:43]}  Qe1 {[%clk 0:24:16]} 33. Re3 {[%clk 0:10:14]}  Qd2 {[%clk 0:23:18]} 34. Qf3 {[%clk 0:04:46]}  Ra8 {[%clk 0:20:43]} 35. Bxc6 {[%clk 0:04:44]}  Ra1 {[%clk 0:21:04]} 36. Bf6 {[%clk 0:03:51]}  Bxf6 {[%clk 0:18:08]} 37. Qxf6 {[%clk 0:04:19]}  Qd1 {[%clk 0:18:29]} 38. Rf3 {[%clk 0:04:10]}  Qh1+ {[%clk 0:14:10]} 39. Kg3 {[%clk 0:04:38]}  Ra7 {[%clk 0:14:08]} 40. Be8 {[%clk 0:04:28]}  h5 {[%clk 0:14:09]} 41. Bxf7+ {[%clk 0:02:38]}  Kh7 {[%clk 0:14:12]} 42. c6 {[%clk 0:20:27]}  Kh6 {[%clk 0:43:41]} 43. Qf4+ {[%clk 0:17:45]}  Kg7 {[%clk 0:42:24]} 44. Qf6+ {[%clk 0:16:16]}  Kh6 {[%clk 0:41:04]} 45. Be8 {[%clk 0:15:05]}  Rg7 {[%clk 0:38:26]} 46. Qh4 {[%clk 0:08:15]}  Qxh4+ {[%clk 0:36:47]} 47. Kxh4 {[%clk 0:08:44]}  g5+ {[%clk 0:36:43]} 48. Kg3 {[%clk 0:09:12]}  Nh7 {[%clk 0:33:52]} 49. Rf7 {[%clk 0:07:56]}  h4+ {[%clk 0:33:54]} 50. Kh2 {[%clk 0:08:03]}  Rg8 {[%clk 0:34:11]} 51. Bd7 {[%clk 0:08:04]}  Nf8 {[%clk 0:34:21]} 52. Rxf8 {[%clk 0:07:41]} 1-0

[Event "45th FIDE Chess Olympiad Open"]
[Site "Budapest, Hungary"]
[Date "2024.09.21"]
[Round "10"]
[White "Mwale, Joseph"]
[Black "Khoder, Akram"]
[Result "1-0"]
[Board "218"]
[WhiteFideId "16400135"]
[BlackFideId "5306914"]
[WhiteTitle "FM"]
[BlackTitle "FM"]
[WhiteElo "2063"]
[BlackElo "2239"]
[WhiteTeam "Malawi"]
[BlackTeam "Lebanon"]
[WhiteClock "0:46:11"]
[BlackClock "0:00:34"]
[Variant "Standard"]

1. e4 {[%clk 1:28:22]}  e5 {[%clk 1:30:44]} 2. Nf3 {[%clk 1:28:47]}  Nc6 {[%clk 1:31:08]} 3. Bc4 {[%clk 1:29:11]}  Bc5 {[%clk 1:31:32]} 4. b4 {[%clk 1:29:33]}  Bxb4 {[%clk 1:31:57]} 5. c3 {[%clk 1:29:59]}  Be7 {[%clk 1:32:21]} 6. Qb3 {[%clk 1:29:01]}  Nh6 {[%clk 1:22:20]} 7. d4 {[%clk 1:28:43]}  Na5 {[%clk 1:22:11]} 8. Qa4 {[%clk 1:28:43]}  Nxc4 {[%clk 1:21:28]} 9. Qxc4 {[%clk 1:29:06]}  exd4 {[%clk 1:16:39]} 10. Bxh6 {[%clk 1:29:20]}  gxh6 {[%clk 1:17:04]} 11. Nxd4 {[%clk 1:24:19]}  d6 {[%clk 1:07:43]} 12. O-O {[%clk 1:24:21]}  O-O {[%clk 1:07:22]} 13. f4 {[%clk 1:24:09]}  c6 {[%clk 1:05:29]} 14. Nd2 {[%clk 1:23:35]}  Bf6 {[%clk 0:52:07]} 15. Rae1 {[%clk 1:23:11]}  Bg7 {[%clk 0:47:40]} 16. Re3 {[%clk 1:19:26]}  Kh8 {[%clk 0:44:53]} 17. f5 {[%clk 1:14:47]}  Be5 {[%clk 0:39:39]} 18. Rh3 {[%clk 1:14:25]}  Qf6 {[%clk 0:40:01]} 19. N2f3 {[%clk 1:13:57]}  Re8 {[%clk 0:37:18]} 20. Nxe5 {[%clk 1:13:56]}  Rxe5 {[%clk 0:36:45]} 21. Nf3 {[%clk 1:10:46]}  Re7 {[%clk 0:34:46]} 22. g4 {[%clk 1:07:53]}  Bd7 {[%clk 0:33:22]} 23. Qd3 {[%clk 1:06:11]}  Rg8 {[%clk 0:30:40]} 24. Rg3 {[%clk 1:06:25]}  Rge8 {[%clk 0:17:47]} 25. Re1 {[%clk 1:02:13]}  Bc8 {[%clk 0:12:03]} 26. h4 {[%clk 1:01:59]}  Qg7 {[%clk 0:12:23]} 27. Kf2 {[%clk 0:58:42]}  f6 {[%clk 0:10:11]} 28. Qxd6 {[%clk 0:58:23]}  Rd7 {[%clk 0:06:44]} 29. Qf4 {[%clk 0:58:14]}  Rd3 {[%clk 0:06:09]} 30. g5 {[%clk 0:57:38]}  Qe7 {[%clk 0:03:30]} 31. gxh6 {[%clk 0:50:35]}  Rxc3 {[%clk 0:02:04]} 32. Rg7 {[%clk 0:45:18]}  Qc5+ {[%clk 0:01:51]} 33. Kg2 {[%clk 0:45:30]}  Rc2+ {[%clk 0:00:34]} 34. Kh3 {[%clk 0:45:56]}  Rxe4 {[%clk 0:00:54]} 35. Rxe4 {[%clk 0:44:59]}  Bxf5+ {[%clk 0:01:03]} 36. Rg4 {[%clk 0:45:26]}  Bxg4+ {[%clk 0:00:43]} 37. Qxg4 {[%clk 0:45:48]}  Qf8 {[%clk 0:00:34]} 38. Re8 {[%clk 0:46:11]} 1-0

[Event "45th FIDE Chess Olympiad Open"]
[Site "Budapest, Hungary"]
[Date "2024.09.21"]
[Round "10"]
[White "Assaad, Joe"]
[Black "Chipanga, Chiletso"]
[Result "1-0"]
[Board "219"]
[WhiteFideId "5310504"]
[BlackFideId "16400119"]
[BlackTitle "CM"]
[WhiteElo "2150"]
[BlackElo "2089"]
[WhiteTeam "Lebanon"]
[BlackTeam "Malawi"]
[WhiteClock "0:05:54"]
[BlackClock "0:20:28"]
[Variant "Standard"]

1. e4 {[%clk 1:30:49]}  c5 {[%clk 1:29:12]} 2. Nf3 {[%clk 1:31:10]}  Nc6 {[%clk 1:29:33]} 3. d4 {[%clk 1:29:24]}  cxd4 {[%clk 1:30:01]} 4. Nxd4 {[%clk 1:29:47]}  a6 {[%clk 1:29:37]} 5. Nc3 {[%clk 1:29:57]}  e6 {[%clk 1:29:51]} 6. Be3 {[%clk 1:30:10]}  Nf6 {[%clk 1:30:06]} 7. Nxc6 {[%clk 1:23:46]}  bxc6 {[%clk 1:30:28]} 8. Bd3 {[%clk 1:24:04]}  d5 {[%clk 1:30:21]} 9. e5 {[%clk 1:22:23]}  Nd7 {[%clk 1:30:46]} 10. f4 {[%clk 1:22:16]}  Rb8 {[%clk 1:28:53]} 11. O-O {[%clk 1:16:19]}  Rxb2 {[%clk 1:26:13]} 12. f5 {[%clk 1:01:43]}  Nxe5 {[%clk 1:24:59]} 13. fxe6 {[%clk 1:01:58]}  Bxe6 {[%clk 1:24:51]} 14. Bf5 {[%clk 1:02:12]}  Qa5 {[%clk 1:21:29]} 15. Bd4 {[%clk 0:58:32]}  Bc5 {[%clk 1:19:55]} 16. Kh1 {[%clk 0:58:56]}  Bxd4 {[%clk 1:11:07]} 17. Qxd4 {[%clk 0:59:21]}  Bxf5 {[%clk 1:04:41]} 18. Qxe5+ {[%clk 0:45:11]}  Be6 {[%clk 1:04:42]} 19. Qxg7 {[%clk 0:45:00]}  Rf8 {[%clk 1:04:25]} 20. Ne2 {[%clk 0:08:08]}  Rb4 {[%clk 0:46:07]} 21. Rab1 {[%clk 0:08:04]}  c5 {[%clk 0:43:22]} 22. c3 {[%clk 0:05:23]}  Rb5 {[%clk 0:41:49]} 23. Rbe1 {[%clk 0:05:50]}  Qd8 {[%clk 0:21:11]} 24. Nf4 {[%clk 0:06:01]}  Qe7 {[%clk 0:20:28]} 25. Nxe6 {[%clk 0:05:54]} 1-0

[Event "45th FIDE Chess Olympiad Open"]
[Site "Budapest, Hungary"]
[Date "2024.09.21"]
[Round "10"]
[White "Mwale, George"]
[Black "Kassis, Antoine"]
[Result "1/2-1/2"]
[Board "220"]
[WhiteFideId "20500254"]
[BlackFideId "5300150"]
[WhiteTitle "CM"]
[BlackTitle "FM"]
[WhiteElo "2056"]
[BlackElo "2085"]
[WhiteTeam "Malawi"]
[BlackTeam "Lebanon"]
[WhiteClock "0:36:01"]
[BlackClock "0:27:51"]
[Variant "Standard"]

1. Nf3 {[%clk 1:28:13]}  c5 {[%clk 1:30:39]} 2. d4 {[%clk 1:27:58]}  Nf6 {[%clk 1:25:32]} 3. c4 {[%clk 1:26:52]}  cxd4 {[%clk 1:25:40]} 4. Nxd4 {[%clk 1:26:55]}  Nc6 {[%clk 1:24:58]} 5. Nc3 {[%clk 1:26:28]}  g6 {[%clk 1:21:13]} 6. g3 {[%clk 1:23:08]}  Bg7 {[%clk 1:21:25]} 7. Bg2 {[%clk 1:23:10]}  O-O {[%clk 1:21:48]} 8. O-O {[%clk 1:23:11]}  Qa5 {[%clk 1:21:44]} 9. e3 {[%clk 1:21:25]}  Qh5 {[%clk 0:55:11]} 10. Bf3 {[%clk 1:14:48]}  Qa5 {[%clk 0:41:15]} 11. a3 {[%clk 1:06:50]}  Nxd4 {[%clk 0:39:34]} 12. exd4 {[%clk 1:06:41]}  d6 {[%clk 0:39:33]} 13. b4 {[%clk 1:05:31]}  Qc7 {[%clk 0:39:21]} 14. Qe2 {[%clk 1:05:06]}  Be6 {[%clk 0:19:52]} 15. c5 {[%clk 1:02:55]}  d5 {[%clk 0:17:12]} 16. Bf4 {[%clk 1:01:03]}  Qd7 {[%clk 0:17:38]} 17. Rfe1 {[%clk 0:59:28]}  Rfe8 {[%clk 0:17:39]} 18. Rac1 {[%clk 0:57:33]}  Bg4 {[%clk 0:14:31]} 19. Be5 {[%clk 0:54:23]}  Bxf3 {[%clk 0:14:35]} 20. Qxf3 {[%clk 0:54:48]}  Rad8 {[%clk 0:14:50]} 21. Red1 {[%clk 0:46:26]}  Qg4 {[%clk 0:09:27]} 22. Qg2 {[%clk 0:42:36]}  Qf5 {[%clk 0:08:07]} 23. Re1 {[%clk 0:37:11]}  a6 {[%clk 0:03:07]} 24. Bf4 {[%clk 0:19:39]}  Ne4 {[%clk 0:02:23]} 25. Nxe4 {[%clk 0:19:41]}  dxe4 {[%clk 0:02:50]} 26. Qxe4 {[%clk 0:18:35]}  Qxe4 {[%clk 0:02:54]} 27. Rxe4 {[%clk 0:19:03]}  Rxd4 {[%clk 0:01:52]} 28. Rxd4 {[%clk 0:17:17]}  Bxd4 {[%clk 0:02:21]} 29. Rd1 {[%clk 0:17:08]}  e5 {[%clk 0:02:10]} 30. Be3 {[%clk 0:17:00]}  Bxe3 {[%clk 0:01:56]} 31. fxe3 {[%clk 0:17:29]}  Re7 {[%clk 0:01:50]} 32. Rd6 {[%clk 0:16:35]}  Rc7 {[%clk 0:01:40]} 33. Kg2 {[%clk 0:15:35]}  Kf8 {[%clk 0:01:21]} 34. Kf3 {[%clk 0:15:41]}  f5 {[%clk 0:00:35]} 35. g4 {[%clk 0:15:15]}  Kf7 {[%clk 0:00:41]} 36. gxf5 {[%clk 0:14:17]}  gxf5 {[%clk 0:01:10]} 37. e4 {[%clk 0:14:29]}  f4 {[%clk 0:01:09]} 38. Rh6 {[%clk 0:13:48]}  Kf8 {[%clk 0:00:39]} 39. Rd6 {[%clk 0:09:49]}  Ke7 {[%clk 0:00:35]} 40. Kg4 {[%clk 0:09:18]}  Ke8 {[%clk 0:00:33]} 41. Kf3 {[%clk 0:06:01]}  Rd7 {[%clk 0:27:26]} 42. Re6+ {[%clk 0:36:01]}  Re7 {[%clk 0:27:51]} 1/2-1/2

[Event "45th FIDE Chess Olympiad Open"]
[Site "Budapest, Hungary"]
[Date "2024.09.21"]
[Round "10"]
[White "Ahn, Hongjin"]
[Black "Mehrad, Ahmad Tamim"]
[Result "1-0"]
[Board "221"]
[WhiteFideId "13201492"]
[BlackFideId "11700491"]
[WhiteTitle "IM"]
[BlackTitle "CM"]
[WhiteElo "2251"]
[BlackElo "2015"]
[WhiteTeam "South Korea"]
[BlackTeam "Afghanistan"]
[WhiteClock "0:42:08"]
[BlackClock "0:26:26"]
[Variant "Standard"]

1. c4 {[%clk 1:30:57]}  g6 {[%clk 1:30:30]} 2. g3 {[%clk 1:30:42]}  Bg7 {[%clk 1:30:46]} 3. Bg2 {[%clk 1:31:07]}  Nf6 {[%clk 1:29:39]} 4. Nf3 {[%clk 1:30:21]}  O-O {[%clk 1:29:38]} 5. O-O {[%clk 1:30:45]}  c5 {[%clk 1:29:45]} 6. d4 {[%clk 1:30:33]}  cxd4 {[%clk 1:29:25]} 7. Nxd4 {[%clk 1:30:56]}  Nc6 {[%clk 1:29:02]} 8. Nc3 {[%clk 1:31:19]}  Qb6 {[%clk 1:23:34]} 9. e3 {[%clk 1:30:56]}  d6 {[%clk 1:22:40]} 10. b3 {[%clk 1:31:05]}  Bd7 {[%clk 1:20:11]} 11. Bb2 {[%clk 1:31:16]}  Rad8 {[%clk 1:18:08]} 12. Qd2 {[%clk 1:31:00]}  a6 {[%clk 1:18:15]} 13. Rfe1 {[%clk 1:30:09]}  Ne5 {[%clk 1:17:02]} 14. f4 {[%clk 1:28:47]}  Nc6 {[%clk 1:14:33]} 15. Kh1 {[%clk 1:27:37]}  Rfe8 {[%clk 1:12:43]} 16. Nf3 {[%clk 1:26:58]}  Qa5 {[%clk 1:10:55]} 17. Rad1 {[%clk 1:25:30]}  Qh5 {[%clk 1:10:47]} 18. Qf2 {[%clk 1:15:20]}  Bg4 {[%clk 1:05:43]} 19. Rb1 {[%clk 1:11:25]}  e5 {[%clk 1:05:45]} 20. Qf1 {[%clk 1:09:53]}  Bf5 {[%clk 1:02:58]} 21. fxe5 {[%clk 1:06:21]}  dxe5 {[%clk 1:02:19]} 22. e4 {[%clk 1:06:38]}  Bc8 {[%clk 0:58:27]} 23. Nd5 {[%clk 1:06:49]}  Ng4 {[%clk 0:56:50]} 24. h3 {[%clk 1:05:44]}  Nf6 {[%clk 0:43:34]} 25. Kg1 {[%clk 0:58:13]}  Nxd5 {[%clk 0:42:24]} 26. cxd5 {[%clk 0:57:48]}  Nd4 {[%clk 0:42:26]} 27. Nxd4 {[%clk 0:57:22]}  exd4 {[%clk 0:42:34]} 28. Rbd1 {[%clk 0:56:54]}  Be5 {[%clk 0:36:50]} 29. Kh2 {[%clk 0:47:18]}  Qg5 {[%clk 0:35:25]} 30. Qf2 {[%clk 0:46:59]}  f5 {[%clk 0:19:48]} 31. exf5 {[%clk 0:46:26]}  Qxf5 {[%clk 0:16:46]} 32. Qd2 {[%clk 0:40:36]}  d3 {[%clk 0:09:51]} 33. Rxe5 {[%clk 0:39:40]}  Rxe5 {[%clk 0:10:13]} 34. Qc3 {[%clk 0:31:52]}  Rde8 {[%clk 0:08:16]} 35. Rxd3 {[%clk 0:31:32]}  Qf2 {[%clk 0:06:31]} 36. Rf3 {[%clk 0:26:58]}  Qe2 {[%clk 0:06:47]} 37. Qd4 {[%clk 0:23:19]}  Bf5 {[%clk 0:05:19]} 38. d6 {[%clk 0:21:57]}  Bd7 {[%clk 0:02:01]} 39. Rf2 {[%clk 0:19:31]}  Qb5 {[%clk 0:01:25]} 40. b4 {[%clk 0:12:35]}  h5 {[%clk 0:01:00]} 41. a4 {[%clk 0:11:25]}  Qxa4 {[%clk 0:28:25]} 42. Bd5+ {[%clk 0:41:43]}  Kh7 {[%clk 0:26:49]} 43. Rf7+ {[%clk 0:41:52]}  Kh6 {[%clk 0:26:26]} 44. Qf4+ {[%clk 0:42:08]} 1-0

[Event "45th FIDE Chess Olympiad Open"]
[Site "Budapest, Hungary"]
[Date "2024.09.21"]
[Round "10"]
[White "Haidary, Hameedullah"]
[Black "Yun, Hungi"]
[Result "0-1"]
[Board "222"]
[WhiteFideId "11700840"]
[BlackFideId "13210670"]
[WhiteElo "2192"]
[BlackElo "2124"]
[WhiteTeam "Afghanistan"]
[BlackTeam "South Korea"]
[WhiteClock "0:00:52"]
[BlackClock "0:02:09"]
[Variant "Standard"]

1. d4 {[%clk 1:30:55]}  Nf6 {[%clk 1:30:40]} 2. Bf4 {[%clk 1:30:09]}  d5 {[%clk 1:30:33]} 3. e3 {[%clk 1:30:09]}  e6 {[%clk 1:30:27]} 4. Bd3 {[%clk 1:27:43]}  Bd6 {[%clk 1:29:51]} 5. Bg3 {[%clk 1:22:16]}  O-O {[%clk 1:29:08]} 6. Nd2 {[%clk 1:22:24]}  c5 {[%clk 1:29:08]} 7. c3 {[%clk 1:21:39]}  b6 {[%clk 1:27:13]} 8. Ngf3 {[%clk 1:21:16]}  Bb7 {[%clk 1:27:18]} 9. Bxd6 {[%clk 1:09:59]}  Qxd6 {[%clk 1:27:26]} 10. Ne5 {[%clk 1:10:18]}  Nc6 {[%clk 1:10:09]} 11. f4 {[%clk 1:10:00]}  Ne7 {[%clk 1:09:15]} 12. O-O {[%clk 1:08:44]}  g6 {[%clk 0:44:49]} 13. g4 {[%clk 0:53:12]}  Ne4 {[%clk 0:39:56]} 14. g5 {[%clk 0:51:08]}  f6 {[%clk 0:38:52]} 15. gxf6 {[%clk 0:51:16]}  Rxf6 {[%clk 0:38:17]} 16. Qc2 {[%clk 0:49:13]}  Nxd2 {[%clk 0:35:27]} 17. Qxd2 {[%clk 0:49:30]}  a5 {[%clk 0:33:46]} 18. Qe2 {[%clk 0:47:15]}  Kh8 {[%clk 0:28:22]} 19. Rf2 {[%clk 0:38:09]}  Nf5 {[%clk 0:24:37]} 20. Rc1 {[%clk 0:24:09]}  Qe7 {[%clk 0:22:02]} 21. Bxf5 {[%clk 0:23:19]}  Rxf5 {[%clk 0:21:41]} 22. Rg2 {[%clk 0:23:00]}  Ba6 {[%clk 0:13:24]} 23. Qg4 {[%clk 0:20:22]}  Rc8 {[%clk 0:11:54]} 24. Rd1 {[%clk 0:10:50]}  b5 {[%clk 0:10:26]} 25. h3 {[%clk 0:08:36]}  b4 {[%clk 0:09:24]} 26. cxb4 {[%clk 0:07:51]}  cxd4 {[%clk 0:05:44]} 27. Rxd4 {[%clk 0:06:31]}  axb4 {[%clk 0:05:31]} 28. Kh2 {[%clk 0:06:08]}  Qf8 {[%clk 0:03:02]} 29. Qh4 {[%clk 0:05:52]}  Rh5 {[%clk 0:03:04]} 30. Qg4 {[%clk 0:05:52]}  Bf1 {[%clk 0:01:52]} 31. Rg3 {[%clk 0:04:48]}  Rxe5 {[%clk 0:01:33]} 32. fxe5 {[%clk 0:02:04]}  Rc2+ {[%clk 0:01:36]} 33. Rg2 {[%clk 0:00:44]}  Rxg2+ {[%clk 0:01:56]} 34. Qxg2 {[%clk 0:01:06]}  Bxg2 {[%clk 0:02:22]} 35. Kxg2 {[%clk 0:01:30]}  Qc5 {[%clk 0:01:34]} 36. Rd2 {[%clk 0:00:37]}  Qxe3 {[%clk 0:01:47]} 37. Rf2 {[%clk 0:00:52]}  Qxe5 {[%clk 0:02:09]} 0-1